000 00974nam a2200253 a 4500
001 49172
003 BD-RjUL
005 20211209054638.0
008 160818s1967 bg ||||| |||| 00| 0 ben d
020 _c:Tk.3.50
035 _a(BD-RjUL)49291
040 _aBD-RjUL
_bben
_cBD-RjUL
041 _aben
082 _223
_a891.4409
_bAHS 1967
100 _aআহমদ, ওয়াকিল
_9117617
245 _aসুলতান আমলে বাংলা সাহিত্য /
_cওয়াকিল আহমদ
250 _a১ম সং
260 _aঢাকা :
_bষ্টুডেন্ট ওয়েজ,
_c১৯৬৭
300 _a[১০], ১১২ পৃ.;
_c২১ সেমি.
504 _aগ্রন্থপঞ্জী সংযুক্ত
650 _aবাংলা সাহিত্য
_vইতিহাস ও সমালোচনা
_9117445
650 _aBengali literature
_vHistory and Criticism
_9147821
942 _2ddc
_cBK
999 _c49172
_d49172